00577cam a22002054i 45000010009000000050017000090080041000260100017000670200025000840400028001090410008001370420008001450430012001530800016001650820020001811000007002011010008002082450104002165040051003201755831020171226065910.0121210s2014 caua b 001 0 eng  a 2012044109 a9781452240039 (pbk.) aDLCbengcDLCerdadDLC aeng apcc an-us--- a320.473 BAR00a320.473 BAR2231 a19 aPOL10aKeeping the republic :cChristine Barbour, Indiana University, Gerald C. Wright Indiana University. aIncludes bibliographical references and index.